ARRUPE JESUIT UNIVERSITY

CORONAVIRUS -STOP THE SPREAD - CLEAN,DISINFECT,COVER

Machiavelli : (Record no. 123956)

MARC details
000 -LEADER
fixed length control field 01029cam a2200277 a 4500
001 - CONTROL NUMBER
control field 12453204
003 - CONTROL NUMBER IDENTIFIER
control field ARRUPE
005 - DATE AND TIME OF LATEST TRANSACTION
control field 20160203153610.0
008 - FIXED-LENGTH DATA ELEMENTS--GENERAL INFORMATION
fixed length control field 010626s2000 enka b 001 0beng
010 ## - LIBRARY OF CONGRESS CONTROL NUMBER
LC control number 2001271579
020 ## - INTERNATIONAL STANDARD BOOK NUMBER
International Standard Book Number 0192854070
040 ## - CATALOGING SOURCE
Original cataloging agency DLC
Transcribing agency DLC
Modifying agency DLC
050 00 - LIBRARY OF CONGRESS CALL NUMBER
Classification number JC143.M4
Item number S57 2000
082 00 - DEWEY DECIMAL CLASSIFICATION NUMBER
Classification number 320.1/092
-- B
Edition number 21
300 ## - PHYSICAL DESCRIPTION
Other physical details ill. ;
Dimensions 18 cm.
100 1# - MAIN ENTRY--PERSONAL NAME
Personal name Skinner, Quentin.
9 (RLIN) 21565
245 10 - TITLE STATEMENT
Title Machiavelli :
Remainder of title a very short introduction /
Statement of responsibility, etc Quentin Skinner.
260 ## - PUBLICATION, DISTRIBUTION, ETC. (IMPRINT)
Place of publication, distribution, etc Oxford ;
-- New York :
Name of publisher, distributor, etc Oxford University Press,
Date of publication, distribution, etc 2000.
300 ## - PHYSICAL DESCRIPTION
Extent 110 p. :
440 #0 - SERIES STATEMENT/ADDED ENTRY--TITLE
Title Very short introductions ;
Volume number/sequential designation 31
9 (RLIN) 21566
500 ## - GENERAL NOTE
General note "For this new edition I have thoroughly revised my text and brought the bibliography up to date"--Pref.
504 ## - BIBLIOGRAPHY, ETC. NOTE
Bibliography, etc Includes bibliographical references (p. 101-106) and index.
600 10 - SUBJECT ADDED ENTRY--PERSONAL NAME
Personal name Machiavelli, Niccolò,
Dates associated with a name 1469-1527.
9 (RLIN) 3238
906 ## - LOCAL DATA ELEMENT F, LDF (RLIN)
a 7
b cbc
c origcop
d 2
e ncip
f 20
g y-gencatlg
942 ## - ADDED ENTRY ELEMENTS (KOHA)
Source of classification or shelving scheme Library of Congress Classification
Koha item type Monograph ( Printed materials)
Holdings
Withdrawn status Lost status Source of classification or shelving scheme Damaged status Not for loan Collection code Home library Current library Shelving location Date acquired Total Checkouts Full call number Barcode Date last seen Date checked out Price effective from Koha item type
    Library of Congress Classification     Main Collection ARRUPE LIBRARY ARRUPE LIBRARY Main Collection 19/01/2016 2 DG738.14.M2 S628 2000 46500005919 25/09/2019 11/09/2019 19/01/2016 Monograph ( Printed materials)

 

Arrupe Library. PO Box MP320 Mt Pleasant, Harare, Zimbabwe
263 242 745411|librarian@aju.ac.zw